| 000 | 01052nam2a2200241 4500 | ||
|---|---|---|---|
| 001 | rc\2953616 | ||
| 005 | 20260315060400.0 | ||
| 035 | _a(NLR Aleph) 007100963 | ||
| 090 |
_a13602330 _c13602330 |
||
| 100 | _a20110831d1939 u y0rusy50 ca | ||
| 101 | 0 | _arus | |
| 102 | _aRU | ||
| 105 | _ay z ||||| | ||
| 200 | 0 | _a6 | |
| 210 | _d1939 | ||
| 215 | _a[4], 124 с. | ||
| 300 | _aРезюме на груз. яз. | ||
| 461 | 0 |
_1001rc\2953612 _12000#$aТруды Тбилисского математического института$eТ. 2-$fОтв. ред. проф. В. Купрадзе$gАкад. наук СССР. Груз. филиал$v6 _96670260 _aТбилисский математический институт им. А.М. Размадзе _cТбилиси _d1937-1942 _fОтв. ред. проф. В. Купрадзе _nБ. и. _oТ. 2- _tТруды Тбилисского математического института _v6 |
|
| 801 | 0 |
_aRU _bNLR _gpsbo |
|
| 801 | 1 |
_aRU _bELAR _2rusmarc |
|
| 852 |
_aNLR _j37-19/211 |
||
| 942 | _cUNSPEC | ||
| 980 | _aNB | ||